00984 a2200169 4500003000500000005001700005040000900022082001200031100002700043245004300070260004500113300001400158505048100172942002100653999001900674952012100693NUST20230131143339.0 cNust a941,PUC aPuckler, Count9108271 aHow strong is britain /cCount Puckler aLondonbGeorage Routledge sons Ltdc1939 a263 pages aGreat Britain and the New World (Page-1), Great Britian’s Economic System (Page-8), British Industry (Page-15), British Agriculture (Page-55), British Shipping (Page-72), Great Britain the World’s banker (Page-89), The Unseen Empire (Page-101), Is Great Britain Becoming poorer (Page-130), British Military Strength (Page-150), The Empire as Burden and Support (Page-207), Population Difficulties in the Empire (Page-235), Strom Clouds on the Horizon (Page-250).  2ddccBKk941,PUC c193986d193986 00102ddc4070aMCSbMCScGENd2016-12-12o941,PUCpMCS30104r2016-12-08w2016-12-12yBKzAlmirah No.60, Shelf No.4